000 004860000a22001930004500
001 000633
003 MACL
005 20150930150627.0
008 150930b xxu||||| |||| 00| 0 eng d
040 _aMACL
_cMACL
041 _aEnglish
082 _a891.439/GHA
100 _aRussell, Ralph
_912322
245 _aGhalib The Poet And His Age
_cRalph Russell
260 _aNew Delhi
_c1997
_bOxford University Press,
350 _a195
650 _aLiterature
_912914
942 _k891
_cBK
_2ddc
999 _c633
_d633